Sajtócézárok? Beszélgetés Stanik Istvánnal és Szőcs Gézával. Kérdezett: Tibori Szabó Zoltán

Elmentve itt :
Bibliográfiai részletek
Szerző: TIBORI SZABÓ Zoltán
Adatforrás:Meister
Forrásdokumentuma:Korunk. -
1 sz., 1996, 48-58 p.
Nyelv:magyar
Kulcsszavak:sajtótörténet-interjú
sajtó
vállalatok
gazdasági intézmények
magyar sajtó (romániai)
magyarok (romániai)
magyarok
STANIK István
SZŐCS Géza
Erdélyi Napló
Magyar Kisebbség
Erdélyi Hiradó
LEADER 00816nab a2200265 i 4500
001 bibPRO00000321
008 060524s1996 xx hun
040 |a Sz1 
041 |a hun 
100 1 |a TIBORI SZABÓ Zoltán 
245 1 0 |a Sajtócézárok? Beszélgetés Stanik Istvánnal és Szőcs Gézával. Kérdezett: Tibori Szabó Zoltán  |c TIBORI SZABÓ Zoltán 
695 |a sajtótörténet-interjú 
695 |a sajtó 
695 |a vállalatok 
695 |a gazdasági intézmények 
695 |a magyar sajtó (romániai) 
695 |a magyarok (romániai) 
695 |a magyarok 
695 |a magyar sajtó (romániai) 
695 |a STANIK István 
695 |a SZŐCS Géza 
695 |a Erdélyi Napló 
695 |a Magyar Kisebbség 
695 |a Erdélyi Hiradó 
773 0 |t Korunk. -  |g 1 sz., 1996, 48-58 p.